00567nam a2200205Ia 4500008004100000041001200041082001000053082001100063100001600074100001100090245003400101250001200135260001100147260002800158260000900186650002200195942000700217999001900224952011800243150909s9999 xx 000 0 und d aEnglish a631.8 bCOO/FE aCooke G W  eAuthor aFertilizing for maximum yield a1st Ed. aLondon bCrosby Lockwood Staples c1972 aSoil conditioners cBK c248808d248808 00104070aKAUCOAbKAUCOAd2022-03-03l0o631.8 COO/FEpKAU-COA-684 r2015-09-16 00:00:00w2015-09-16yBK